Architectural Facade. (Record no. 24061)
[ view plain ]
| 000 -LEADER | |
|---|---|
| fixed length control field | 00939nam a2200301 i 4500 |
| 003 - CONTROL NUMBER IDENTIFIER | |
| control field | EG-ScBUE |
| 005 - DATE AND TIME OF LATEST TRANSACTION | |
| control field | 20230226025153.0 |
| 008 - FIXED-LENGTH DATA ELEMENTS--GENERAL INFORMATION | |
| fixed length control field | 170201s2015 cc o f 000 0 mul d |
| 020 ## - INTERNATIONAL STANDARD BOOK NUMBER | |
| International Standard Book Number | 9787553719498 |
| 040 ## - CATALOGING SOURCE | |
| Original cataloging agency | EG-ScBUE |
| Language of cataloging | eng |
| Description conventions | rda |
| Transcribing agency | EG-ScBUE |
| Modifying agency | EG-ScBUE |
| 041 1# - LANGUAGE CODE | |
| Language code of text/sound track or separate title | eng |
| -- | chi |
| 082 04 - DEWEY DECIMAL CLASSIFICATION NUMBER | |
| Classification number | 729.1 |
| Item number | ARC |
| Edition number | 22 |
| 245 00 - TITLE STATEMENT | |
| Title | Architectural Facade. |
| Number of part/section of a work | II, |
| Name of part/section of a work | Architectural material manual. |
| 246 30 - VARYING FORM OF TITLE | |
| Title proper/short title | Architectural material manual |
| 264 #1 - PUBLICATION, DISTRIBUTION, ETC. (IMPRINT) | |
| Place of publication, distribution, etc | [Shenzen] : |
| Name of publisher, distributor, etc | HKPIP, |
| Date of publication, distribution, etc | 2015. |
| 300 ## - PHYSICAL DESCRIPTION | |
| Extent | 3 volumes : |
| Other physical details | photographs (color) ; |
| Dimensions | 33 cm |
| 336 ## - CONTENT TYPE | |
| Source | rdacontent |
| Content type term | text |
| Content type code | txt |
| 337 ## - MEDIA TYPE | |
| Source | rdamedia |
| Media type term | unmediated |
| Media type code | n |
| 338 ## - CARRIER TYPE | |
| Source | rdacarrier |
| Carrier type term | volume |
| Carrier type code | nc |
| 505 0# - FORMATTED CONTENTS NOTE | |
| Formatted contents note | Volume 1. Metal -- Volume 2. Concrete -- Volume 3. Wood. |
| 546 ## - LANGUAGE NOTE | |
| Language note | Text in English and Chinese. |
| 650 #7 - SUBJECT ADDED ENTRY--TOPICAL TERM | |
| Topical term or geographic name as entry element | Exterior walls. |
| Source of heading or term | BUEsh |
| 650 #7 - SUBJECT ADDED ENTRY--TOPICAL TERM | |
| Topical term or geographic name as entry element | Facades. |
| Source of heading or term | BUEsh |
| 651 ## - SUBJECT ADDED ENTRY--GEOGRAPHIC NAME | |
| Source of heading or term | BUEsh |
| 653 ## - INDEX TERM--UNCONTROLLED | |
| Resource For college | Engineering, Architecture |
| Arrived date list | February2017 |
| 655 ## - INDEX TERM--GENRE/FORM | |
| Form subdivision | Reading book |
| 942 ## - ADDED ENTRY ELEMENTS (KOHA) | |
| Source of classification or shelving scheme | Dewey Decimal Classification |
| Koha item type | Book - Borrowing |
| Withdrawn status | Lost status | Source of classification or shelving scheme | Damaged status | Not for loan | Collection code | Home library | Current library | Shelving location | Date acquired | Source of acquisition | Cost, normal purchase price | Serial Enumeration / chronology | Total Checkouts | Full call number | Barcode | Date last seen | Cost, replacement price | Price effective from | Koha item type | Public note |
|---|---|---|---|---|---|---|---|---|---|---|---|---|---|---|---|---|---|---|---|---|
| Dewey Decimal Classification | International Marketing Center | Central Library | Central Library | Second Floor | 01/02/2017 | Purchase | 450.00 | 2546 | 729.1 ARC | 000041084 | 15/07/2025 | 562.50 | 01/02/2017 | NB - Book (Non borrowing) | VOL. 1. | |||||
| Dewey Decimal Classification | International Marketing Center | Central Library | Central Library | Second Floor | 01/02/2017 | Purchase | 450.00 | 2546 | 729.1 ARC | 000041085 | 15/07/2025 | 562.50 | NB - Book (Non borrowing) | VOL. 2. | ||||||
| Dewey Decimal Classification | International Marketing Center | Central Library | Central Library | Second Floor | 01/02/2017 | Purchase | 450.00 | 2546 | 729.1 ARC | 000041086 | 15/07/2025 | 562.50 | 01/02/2017 | NB - Book (Non borrowing) | VOL. 3. |